Field guide to strategy : (Record no. 7231)
[ view plain ]
| 000 -LEADER | |
|---|---|
| fixed length control field | 00909cam a2200241 a 4500 |
| 001 - CONTROL NUMBER | |
| control field | 2997048 |
| 005 - DATE AND TIME OF LATEST TRANSACTION | |
| control field | 20250804182937.0 |
| 008 - FIXED-LENGTH DATA ELEMENTS--GENERAL INFORMATION | |
| fixed length control field | 930628s1994 mau f 000 0 eng |
| 020 ## - INTERNATIONAL STANDARD BOOK NUMBER | |
| International Standard Book Number | 0875844367 (hard : alk. paper) : |
| Terms of availability | $29.95 |
| 020 ## - INTERNATIONAL STANDARD BOOK NUMBER | |
| International Standard Book Number | 0875844316 (pbk. : alk. paper) : |
| Terms of availability | $16.95 |
| 020 ## - INTERNATIONAL STANDARD BOOK NUMBER | |
| International Standard Book Number | 9780875844367 |
| 020 ## - INTERNATIONAL STANDARD BOOK NUMBER | |
| International Standard Book Number | 9780875844312 |
| 050 00 - LIBRARY OF CONGRESS CALL NUMBER | |
| Classification number | HD30.28 |
| Item number | .H553 1994 |
| 082 00 - DEWEY DECIMAL CLASSIFICATION NUMBER | |
| Classification number | 658.4/012 |
| Edition information | 20 |
| 100 1# - MAIN ENTRY--PERSONAL NAME | |
| Personal name | Hindle, Tim. |
| 245 10 - TITLE STATEMENT | |
| Title | Field guide to strategy : |
| Remainder of title | a glossary of essential tools and concepts for today's manager / |
| Statement of responsibility, etc. | chief contributor, Tim Hindle ; edited, with an introduction by Margaret Lawrence. |
| 260 ## - PUBLICATION, DISTRIBUTION, ETC. | |
| Place of publication, distribution, etc. | Boston, Mass. : |
| Name of publisher, distributor, etc. | Harvard Business School Press, |
| Date of publication, distribution, etc. | c1994. |
| 300 ## - PHYSICAL DESCRIPTION | |
| Extent | xi, 225 p. ; |
| Dimensions | 19 cm. |
| 440 #0 - SERIES STATEMENT/ADDED ENTRY--TITLE | |
| Title | Harvard Business/The Economist reference series |
| 650 #0 - SUBJECT ADDED ENTRY--TOPICAL TERM | |
| Topical term or geographic name entry element | Strategic planning |
| General subdivision | Terminology. |
| 700 1# - ADDED ENTRY--PERSONAL NAME | |
| Personal name | Lawrence, Margaret, |
| Dates associated with a name | 1950- |
| 942 ## - ADDED ENTRY ELEMENTS (KOHA) | |
| Source of classification or shelving scheme | Library of Congress Classification |
| Koha item type | Reference |
| Suppress in OPAC | No |
| 999 ## - | |
| -- | 7231 |
| -- | 7231 |
| Withdrawn status | Lost status | Source of classification or shelving scheme | Damaged status | Not for loan | Collection | Home library | Current library | Shelving location | Date acquired | Total checkouts | Full call number | Barcode | Date last seen | Copy number | Price effective from | Koha item type |
|---|---|---|---|---|---|---|---|---|---|---|---|---|---|---|---|---|
| Library of Congress Classification | Reference | Undergraduate Library (Christ Temple) | Undergraduate Library (Christ Temple) | General stacks | 08/04/2025 | HD 30.28 HIN | ulct00004261 | 08/04/2025 | 1 | 08/04/2025 | Reference |